00301nam a2200121Ia 4500008004100000100002100041245003600062260003700098300000800135650001400143942000700157999001500164190216s9999||||xx |||||||||||||| ||und|| aSamuel Glasstone 0aText Book Of Physical Chemistry bTata Mcgrawhill Publishersc1978 a757 aChemistry cBK c2537d2537